000
00341nam a2200145Ia 4500
008
150201s2010 xx 000 0 und d
082
_a
617.3
_b
R10S
100
_a
SUNDER, S.
245
_a
TB. OF REHABILILATION
250
_a
3RD
260
_b
JAYPEE BROTHERS
_a
DELHI
_c
2010
300
_a
1-540
650
_a
ORTHOPAEDICS
942
_2
ddc
_c
BK
_0
58
999
_c
134
_d
134